000
00312nam a22001337a 4500
082
_a
823
_b
JAI/A
100
_a
JAISWALL, RASHMI
245
_a
AKBAR BIRBAL STORIES
_b
FAMOUS STORIES
260
_a
MUMBAI
_b
ALKA PUBLICATIONS
300
_a
114
520
_a
CLASSIC STORIES
650
_a
CLASSIC STORIES
942
_c
BK
999
_c
2543
_d
2543